banner koha

A desinfestacao do arroz por meio de radiacoes ionizantes [inseto, produto armazenado, controle fisico, Brasil] (Registro n. 311715)

MARC details
000 -LÍDER
campo de controle de tamanho fixo 01300naa a22003617a 4500
001 - NÚMERO DE CONTROLE
campo de controle BR7908064
003 - IDENTIFICADOR DO NÚMERO DE CONTROLE
campo de controle BR-BrBNA
005 - DATA E HORÁRIO DA ÚLTIMA TRANSAÇÃO
campo de controle 20240918174520.0
007 - CAMPO FIXO DE DESCRIÇÃO FÍSICA--INFORMAÇÃO GERAL
campo de controle de tamanho fixo ta
008 - CAMPO DE DADOS FIXOS--INFORMAÇÃO GERAL
campo de controle de tamanho fixo 230509b bl.||||| |||| 00| 0 por d
040 ## - FONTE DA CATALOGAÇÃO
Instituição da catalogação original BR-BrBNA
Idioma da catalogação por
Instituição que transcreveu o registro Biblioteca Nacional de Agricultura
041 ## - CÓDIGO DE IDIOMA
Código do idioma do texto/trilha sonora ou título diferente (Pt)
072 ## - CÓDIGO DE CATEGORIA DE ASSUNTO
Código de Categoria de Assunto H70
Código do objeto 0150
-- 4020
-- G514
090 ## - NÚMERO DE CHAMADA LOCAL
Número de chamada H70 BR7908064
100 1# - ENTRADA PRINCIPAL--NOME PESSOAL
Nome pessoal Wiendl, F.M.
100 1# - ENTRADA PRINCIPAL--NOME PESSOAL
Nome pessoal Walder, J.M.M.
100 1# - ENTRADA PRINCIPAL--NOME PESSOAL
Nome pessoal Sgrillo, R.B.
111 1# - ENTRADA PRINCIPAL--NOME DO EVENTO
Nome do evento ou lugar 1. Reuniao de Tecnicos em Rizicultura do Estado de Sao Paulo
Local do evento Campinas, SP (Brazil)
Data do evento ou assinatura do tratado 5 Mar 1979
245 1# - TÍTULO
Título A desinfestacao do arroz por meio de radiacoes ionizantes [inseto, produto armazenado, controle fisico, Brasil]
260 3# - PUBLICAÇÃO, DISTRIBUIÇÃO, ETC.
Local de publicação, distribuição, etc. Campinas, SP (Brasil):
Data da publicação, distribuição, etc. 1979.
500 ## - NOTA GERAL
Nota geral Anais da 1. Reuniao de Tecnicos em Rizicultura do Estado de Sao Paulo<br/>Campinas, SP (Brasil): 1979. p. 67-77<br/>(BR7908064-AM)H70<br/>
650 ## - ASSUNTO--TERMO TÓPICO
Cabeçalho tópico ou nome geográfico ARROZ
650 ## - ASSUNTO--TERMO TÓPICO
Cabeçalho tópico ou nome geográfico ARMAZENAMENTO
650 ## - ASSUNTO--TERMO TÓPICO
Cabeçalho tópico ou nome geográfico ESTOCAGEM
650 ## - ASSUNTO--TERMO TÓPICO
Cabeçalho tópico ou nome geográfico INSETO
650 ## - ASSUNTO--TERMO TÓPICO
Cabeçalho tópico ou nome geográfico PRAGA DE PLANTA
650 ## - ASSUNTO--TERMO TÓPICO
Cabeçalho tópico ou nome geográfico DESINFECCAO
650 ## - ASSUNTO--TERMO TÓPICO
Cabeçalho tópico ou nome geográfico IRRADIACAO
650 ## - ASSUNTO--TERMO TÓPICO
Cabeçalho tópico ou nome geográfico CONTROLE FISICO
773 0# - ENTRADA ANALÍTICA
Título Anais da 1. Reuniao de Tecnicos em Rizicultura do Estado de Sao Paulo
Número de controle do registro H70 BR7908064
Partes relacionadas Campinas, SP (Brasil), 1979. p. 67-77
909 ## -
-- 202404
-- Lucia
-- 55
-- Lucia Elande
942 ## - ELEMENTOS DE ENTRADA ADICIONADOS (KOHA)
Tipo de material Koha Capítulo-Livro
Fonte da classificação ou esquema de arquivamento na estante Classificação AGRIS
Exemplares
Situação do descarte Fonte da classificação ou esquema de arquivamento na estante Situação física Não pode ser emprestado Coleção Biblioteca de origem Biblioteca atual Localização na estante Total de empréstimos Número de telefone completo Data de último acesso Número do exemplar Tipo de material Koha Situação das perdas Data de aquisição Fonte de aquisição
  Classificação AGRIS       Biblioteca Nacional de Agricultura - Binagri Biblioteca Nacional de Agricultura - Binagri Agrobase - Acervo Geral   0150 BR7908058 20/05/2024 01 Capítulo-Livro   2024-04-11 Portaria Interministerial nº 164/94

BINAGRI

Telefone: (61)3218-2567/2388/3357/2097 - binagri@agro.gov.br

Ministério da Agricultura e Pecuária , Esplanada dos Ministérios, Bloco D, Anexo B, Brasília/DF, CEP: 70.043-900